Joe Rogan Guests by Picture - Statistics

General Stats
  • This quiz has been taken 32 times
  • The average score is 15 of 20
Answer Stats
Picture Answer % Correct
Donald Trump
100%
Dwayne Johnson
100%
Mark Zuckerberg
100%
Snoop Dogg
100%
Robert Downey Jr.
93%
Kevin Hart
90%
Dr. Phil
86%
Miley Cyrus
86%
Quentin Tarantino
86%
Macaulay Culkin
83%
Jamie Foxx
76%
Mel Gibson
72%
Guy Fieri
66%
Jay Leno
66%
Neil deGrasse Tyson
66%
Russell Crowe
59%
Carrot Top
48%
Johnny Knoxville
48%
Bradley Cooper
41%
Demi Lovato
41%
No matching quizzes found
Score Distribution
Percent of People with Each Score
Percentile by Number Answered
Your Score History
You have not taken this quiz